LEADER 01869nam 2200553 450 001 9910480995603321 005 20160803134623.0 035 $a(CKB)3710000000820176 035 $a(PQKBManifestationID)16462833 035 $a(PQKBWorkID)15006043 035 $a(PQKB)23883137 035 $a(MiAaPQ)EBC4647647 035 $a(DLC) 2016023244 035 $a(EXLCZ)993710000000820176 100 $a20160827h20162016 uy 0 101 0 $aeng 135 $aurcnu|||||||| 181 $ctxt 182 $cc 183 $acr 200 00$aForms of address in the Spanish of the Americas /$fedited by Mari?a Irene Moyna, Susana Rivera-Mills 210 1$aAmsterdam, [Netherlands] ;$aPhiladelphia, [Pennsylvania] :$cJohn Benjamins Publishing Company,$d2016. 210 4$dİ2016 215 $a1 online resource (364 pages) 225 1 $aIssues in Hispanic and Lusophone Linguistics,$x2213-3887 ;$vVolume 10 300 $aBibliographic Level Mode of Issuance: Monograph 311 $a90-272-5809-0 311 $a90-272-6700-6 320 $aIncludes bibliographical references and index. 410 0$aIssues in Hispanic and Lusophone linguistics ;$vVolume 10. 606 $aSpanish language$xAddress, Forms of 606 $aSpanish language$xSocial aspects 606 $aSpanish language$xPronoun 606 $aSociolinguistics 608 $aElectronic books. 615 0$aSpanish language$xAddress, Forms of. 615 0$aSpanish language$xSocial aspects. 615 0$aSpanish language$xPronoun. 615 0$aSociolinguistics. 676 $a467/.98 702 $aMoyna$b Mari?a Irene 702 $aRivera-Mills$b Susana 801 0$bMiAaPQ 801 1$bMiAaPQ 801 2$bMiAaPQ 906 $aBOOK 912 $a9910480995603321 996 $aForms of address in the Spanish of the Americas$92295197 997 $aUNINA LEADER 02898nam 22006733 450 001 9910782052603321 005 20230919234203.0 010 $a0-8147-8442-9 024 7 $a10.18574/nyu/9780814784426 035 $a(CKB)1000000000522355 035 $a(EBL)865938 035 $a(OCoLC)779828321 035 $a(SSID)ssj0000200607 035 $a(PQKBManifestationID)11190103 035 $a(PQKBTitleCode)TC0000200607 035 $a(PQKBWorkID)10220130 035 $a(PQKB)10341889 035 $a(MiAaPQ)EBC865938 035 $a(DE-B1597)548296 035 $a(DE-B1597)9780814784426 035 $a(EXLCZ)991000000000522355 100 $a20131125h20072007 uy 0 101 0 $aeng 135 $aur|n|---||||| 181 $ctxt$2rdacontent 182 $cc$2rdamedia 183 $acr$2rdacarrier 200 10$aMedicating modern America $eprescription drugs in history /$fedited by Andrea Tone and Elizabeth Siegel Watkins 210 1$aNew York :$cNYU Press,$d2007. 210 4$aİ2007 215 $a1 online resource (vi, 262 pages, 4 unnumbered pages of plates) $cillustrations 311 0 $a0-8147-8300-7 327 $aContents; Introduction; Part I; Antibiotics: From Germophobia to the Carefree Life and Back Again; Mood Stabilizers: Folie to Folly; Hormone Replacement: " Educate Yourself"; Part II; Oral Contraceptives: Women over 35 Who Smoke; Stimulants: Not Just Naughty; Tranquilizers: Tranquilizers on Trial; Part III; Statins: The Abnormal and the Pathological; Viagra: Making Viagra; About the Contributors; Index 330 $aWith Americans paying more than 200 billion each year for prescription pills, the pharmaceutical business is the most profitable in the nation. The popularity of prescription drugs in recent decades has remade the doctor/patient relationship, instituting prescription-writing and pill-taking as an integral part of medical practice and everyday life. Medicating Modern America examines the meanings behind this pharmaceutical revolution through the interconnected histories of eight of the most influential and important drugs: antibiotics, mood stabilizers, hormone replacement therapy, oral contra 606 $aDrugs$xHistory$zUnited States 610 $aExamines. 610 $abehind. 610 $adrugs. 610 $aeight. 610 $ahistories. 610 $aimportant. 610 $ainfluential. 610 $ainterconnected. 610 $ameanings. 610 $amost. 610 $arevolution. 610 $athepharmaceutical. 610 $athrough. 615 0$aDrugs$xHistory 676 $a615/.1 701 $aTone$b Andrea$f1964-$01560227 701 $aWatkins$b Elizabeth Siegel$01498282 801 0$bAU-PeEL 801 1$bAU-PeEL 801 2$bAU-PeEL 906 $aBOOK 912 $a9910782052603321 996 $aMedicating modern America$93826017 997 $aUNINA